Central Library OPAC University of Rajshahi

Programmed learning : (Record no. 43768)

MARC details
000 -LEADER
fixed length control field 00633nam a2200217 a 4500
001 - CONTROL NUMBER
control field 43768
003 - CONTROL NUMBER IDENTIFIER
rucl marc code BD-RjUL
005 - DATE AND TIME OF LATEST TRANSACTION
control field 20211209053742.0
008 - FIXED-LENGTH DATA ELEMENTS--GENERAL INFORMATION
fixed length control field 700727s1969 enka p 001 0 eng
035 ## - SYSTEM CONTROL NUMBER
System control number (BD-RjUL)43886
040 ## - CATALOGING SOURCE
Original cataloging agency DLC
Transcribing agency DLC
Modifying agency BD-RjUL
Language of cataloging eng
041 ## - LANGUAGE CODE
Language code of text/sound track or separate title eng
082 00 - DEWEY DECIMAL CLASSIFICATION NUMBER
Classification number 371.3944
Edition number 23
Author mark and year CAP 1969
100 1# - MAIN ENTRY--PERSONAL NAME
Personal name Callender, Patricia.
9 (RLIN) 134527
245 10 - TITLE STATEMENT
Title Programmed learning :
Remainder of title its development and structure /
Statement of responsibility, etc. Patricia Callender
260 ## - PUBLICATION, DISTRIBUTION, ETC. (IMPRINT)
Place of publication, distribution, etc. Harlow :
Name of publisher, distributor, etc. Longmans,
Date of publication, distribution, etc. c1969.
300 ## - PHYSICAL DESCRIPTION
Pagination xii, 120 p. :
Illustrations ill.;
Size 23 cm.
500 ## - GENERAL NOTE
General note Includes index.
650 #0 - SUBJECT ADDED ENTRY--TOPICAL TERM
Topical term or geographic name as entry element Programmed instruction.
9 (RLIN) 134528
942 ## - ADDED ENTRY ELEMENTS (KOHA)
Source of classification or shelving scheme Dewey Decimal Classification
Koha item type Books
Holdings
Lost status Source of classification or shelving scheme Damaged status Not for loan Collection code Permanent Location Current Location Shelving location Date acquired Source of acquisition Cost, normal purchase price Total Checkouts Full call number Date last seen Copy number Koha item type
  Dewey Decimal Classification     Non-fiction Central Library, University of Rajshahi Central Library, University of Rajshahi   18/09/1970 Sweets & Zeitlinger 20.00   371.3944 CAP 1969 27/06/2016 C-2 Books
  Dewey Decimal Classification     Non-fiction Central Library, University of Rajshahi Central Library, University of Rajshahi   18/09/1970 Sweets & Zeilinger 24.00   371.3944 CAP 1969 27/06/2016 C-3 Books